effect of organic fertilizers and hill spacing on bunching onion at crop station of royal university of agriculture (ឥទ្ធិពលជីធម្មជាតិ និង ចន្លោះគុម្ពលើដំណាំខ្ទឹមស្លឹកនៅស្ថានីយ៍ពិសោធន៍ដំណាំនៃសាកលវិទ្យាល័យភូមិន្ទកសិកម្ម) (Record no. 908)

000 -LEADER
fixed length control field 00770nam a22001337a 4500
040 ## - CATALOGING SOURCE
Transcribing agency RUA
082 ## - DEWEY DECIMAL CLASSIFICATION NUMBER
Classification number AGR SAV 2009 B041 Or.1
100 ## - MAIN ENTRY--AUTHOR NAME
Personal name SAV, SAMNEANG.
245 ## - TITLE STATEMENT
Title effect of organic fertilizers and hill spacing on bunching onion at crop station of royal university of agriculture (ឥទ្ធិពលជីធម្មជាតិ និង ចន្លោះគុម្ពលើដំណាំខ្ទឹមស្លឹកនៅស្ថានីយ៍ពិសោធន៍ដំណាំនៃសាកលវិទ្យាល័យភូមិន្ទកសិកម្ម)
260 ## - PUBLICATION, DISTRIBUTION, ETC. (IMPRINT)
Place of publication Phnom Penh
Name of publisher RUA
Year of publication 2009
300 ## - PHYSICAL DESCRIPTION
Number of Pages xi, 65p.
Other physical details ill.
Dimensions 29cm.
856 ## - ELECTRONIC LOCATION AND ACCESS
Uniform Resource Identifier https://drive.google.com/file/d/1hncKtq7Hrf8LlPnnnnPUsGS4WVxiftcS/view?usp=sharing
942 ## - ADDED ENTRY ELEMENTS (KOHA)
Koha item type AGR
952 ## - LOCATION AND ITEM INFORMATION (KOHA)
Withdrawn status [LOCAL, KOHA] 0
952 ## - LOCATION AND ITEM INFORMATION (KOHA)
Withdrawn status [LOCAL, KOHA] 0
952 ## - LOCATION AND ITEM INFORMATION (KOHA)
Withdrawn status [LOCAL, KOHA] 0
952 ## - LOCATION AND ITEM INFORMATION (KOHA)
Withdrawn status [LOCAL, KOHA] 0
952 ## - LOCATION AND ITEM INFORMATION (KOHA)
Withdrawn status [LOCAL, KOHA] 0
952 ## - LOCATION AND ITEM INFORMATION (KOHA)
Withdrawn status [LOCAL, KOHA] 0
952 ## - LOCATION AND ITEM INFORMATION (KOHA)
Withdrawn status [LOCAL, KOHA] 0
952 ## - LOCATION AND ITEM INFORMATION (KOHA)
Withdrawn status [LOCAL, KOHA] 0
952 ## - LOCATION AND ITEM INFORMATION (KOHA)
Withdrawn status [LOCAL, KOHA] 0
952 ## - LOCATION AND ITEM INFORMATION (KOHA)
Withdrawn status [LOCAL, KOHA] 0
Holdings
Permanent Location Date acquired Koha item type Lost status Shelving location Barcode Current Location Full call number
Library Block B2015-09-20AGR B041RUA000053Library Block BAGR SAV 2009 B041 Or.1
Library Block B2015-09-20AGR B041RUA000197Library Block BAGR SAV 2009 B041 Or.2
Library Block B2015-09-20AGR B041RUA000025Library Block BAGR SAV 2009 B041 Or.3
Library Block B2015-09-20AGR B041RUA000050Library Block BAGR SAV 2009 B041 Or.4
Library Block B2015-09-21AGR B041RUA000675Library Block BAGR SAV 2009 B041 Or.5
Library Block B2015-09-21AGR B041RUA000747Library Block BAGR SAV 2009 B041 Or.6
Library Block B2015-09-21AGR B041RUA000461Library Block BAGR SAV 2009 B041 Or.7
Library Block B2015-09-24AGR B041RUA000389Library Block BAGR SAV 2009 B041 Or.8
Library Block B2019-01-22AGR B1.214A35630Library Block BAGR SAV 2009 B1.214 Or.1
Library Block B2019-01-22AGR B1.214a40103Library Block BAGR SAV 2009 B1.214 Or.1
មជ្ឈមណ្ឌលឯការនៃសាកលវិទ្យាល័យភូមិន្ទកសិកម្មចំការដូង

Powered by Koha